000 00347nam a2200145Ia 4500
005 20250313130147.0
008 240331s9999 xx 000 0 und d
082 _bDAN
_a894
100 _aDaniel, K
245 0 _aDaniel sirukathaikal
260 _aChennai
_bAlaikkal Publishers
_c1995
300 _a239 p .,
650 _aShort Stories
942 _cL
999 _c3979
_d3979